| 000 | 00752nam a2200217 i 4500 | ||
|---|---|---|---|
| 001 | 47667 | ||
| 003 | ES-MaACL | ||
| 005 | 20251002203454.0 | ||
| 007 | t| | ||
| 008 | 030513q1850 fr ||||1| fre d | ||
| 100 | 1 |
_aCooper, James Fenimore. _940390 |
|
| 245 | 1 | 0 |
_aOeil-de-Faucon / _cpar Fenimore Cooper ; traduction de La Bédollière ; édition illustrée de 25 vignettes par Bertall. |
| 260 |
_aParis : _bGustave Barba, _c[1850 ?] |
||
| 300 |
_a64 p. : _bil. ; _c32 cm. |
||
| 490 | 1 | _aRomans populaires illustrés | |
| 700 | 1 |
_aLa Bédollière, Émile de, _d1812-1883 _9152767 |
|
| 700 | 0 |
_aBertall, _d1820-1882 _9152766 |
|
| 830 | 0 |
_aRomans populaires illustrés _9182208 |
|
| 852 |
_aES-MaACL _jFol-Laf-4 |
||
| 999 |
_c47667 _d47667 |
||